LEADER 00782nam a2200241 i 4500 001 991000596299707536 005 20020503191546.0 008 940621s1992 it ||| | ita 035 $ab10101020-39ule_inst 035 $aLE02518882$9ExL 040 $aFac. Economia$bita 082 0 $a346.45043462 100 1 $aD'Atri, Antonio$0105981 245 10$aLeasing /$cAntonio D'Atri 260 $aTorino :$bIsedi,$cc1992 300 $a81 p. ;$c23 cm 650 4$aLeasing$xDiritto 907 $a.b10101020$b11-12-14$c27-06-02 912 $a991000596299707536 945 $aLE025 ECO 346 DAT01.01$g1$i2025000025561$lle025$o-$pE0.00$q-$rl$s- $t0$u10$v6$w10$x0$y.i10117568$z27-06-02 996 $aLeasing$9197329 997 $aUNISALENTO 998 $ale025$b01-01-94$cm$da $e-$fita$git $h0$i1 LEADER 01287aam 2200397I 450 001 9910710282603321 005 20160121100808.0 024 8 $aGOVPUB-C13-f11e88b86558706cf5505aafb5d79010 035 $a(CKB)5470000002476458 035 $a(OCoLC)935499302 035 $a(EXLCZ)995470000002476458 100 $a20160121d1979 ua 0 101 0 $aeng 181 $2rdacontent 182 $2rdamedia 183 $2rdacarrier 200 10$aContainer board $ereport no. 120 /$fT. L. Cummings; J. Horlick 210 1$aGaithersburg, MD :$cU.S. Dept. of Commerce, National Institute of Standards and Technology,$d1979. 215 $a1 online resource 225 1 $aNBSIR ;$v79-1814 300 $a1979. 300 $aContributed record: Metadata reviewed, not verified. Some fields updated by batch processes. 300 $aTitle from PDF title page. 320 $aIncludes bibliographical references. 517 $aContainer board 700 $aCummings$b T. L$01386493 701 $aCummings$b T. L$01386493 701 $aHorlick$b J$01386491 712 02$aUnited States.$bNational Bureau of Standards. 801 0$bNBS 801 1$bNBS 801 2$bGPO 906 $aBOOK 912 $a9910710282603321 996 $aContainer board$93443812 997 $aUNINA